| 000 | 01108nam a2200229Ia 4500 | ||
|---|---|---|---|
| 999 |
_c19192 _d19192 |
||
| 003 | OSt | ||
| 005 | 20210916121443.0 | ||
| 008 | 160316s1998 xxu||||| |||| 00| 0 eng d | ||
| 020 | _a9780408714709 | ||
| 040 | _cn | ||
| 082 |
_a340.993000 _bMCD |
||
| 100 | _aMcDowell Morag | ||
| 245 | _aThe New Zealand legal system : Structures, processes and legal theory | ||
| 250 | _a2nd | ||
| 260 |
_awellington _bButterworths _c1998 |
||
| 300 |
_a442p _cxiii |
||
| 365 | _bGratis | ||
| 505 | _aContents: An introduction to law (Function & concept ; Classification & sources); The New Zealand legal system (New Zealand's Constitution New Zealand's Constitution : a transitional period; Treaty of Waitangi ; New Zealand's court system); Studying the law (Statutory interpretation ; Case law ; Legal argument & reasoning); Legal method (Legal writing ; Legal materials ; Reading cases); Pt. 1: An introduction to the law; pt. 2: The New Zealand legal system; pt. 3: Studying the law; Appendices: Legal method. | ||
| 650 | _a1. Legal system - New Zealand | ||
| 700 |
_aWebb Duncan _a |
||
| 942 |
_2ddc _cBK |
||